<?xml version="1.0" encoding="UTF-8"?>
<record
    xmlns:xsi="http://www.w3.org/2001/XMLSchema-instance"
    xsi:schemaLocation="http://www.loc.gov/MARC21/slim http://www.loc.gov/standards/marcxml/schema/MARC21slim.xsd"
    xmlns="http://www.loc.gov/MARC21/slim">

  <leader>01614nam a2200337 i 4500</leader>
  <controlfield tag="003">OSt</controlfield>
  <controlfield tag="005">20260216173305.0</controlfield>
  <controlfield tag="008">260212s2024    my a   gr     000 0 may d</controlfield>
  <datafield tag="020" ind1=" " ind2=" ">
    <subfield code="a">9789672646112</subfield>
    <subfield code="q">paperback</subfield>
    <subfield code="c">RM42.00</subfield>
  </datafield>
  <datafield tag="040" ind1=" " ind2=" ">
    <subfield code="a">PPAK</subfield>
    <subfield code="b">eng</subfield>
    <subfield code="c">PPAK</subfield>
    <subfield code="e">rda</subfield>
  </datafield>
  <datafield tag="082" ind1="0" ind2="4">
    <subfield code="a">297.125</subfield>
    <subfield code="2">23</subfield>
  </datafield>
  <datafield tag="090" ind1="0" ind2="0">
    <subfield code="a">297.125</subfield>
    <subfield code="b">MOH</subfield>
    <subfield code="d">K</subfield>
  </datafield>
  <datafield tag="100" ind1="0" ind2=" ">
    <subfield code="a">Mohammad Najib bin Md. Norani, </subfield>
    <subfield code="c">Ustaz Hj.,</subfield>
    <subfield code="e">author, </subfield>
    <subfield code="e">editor.</subfield>
  </datafield>
  <datafield tag="245" ind1="1" ind2="0">
    <subfield code="6">880-01</subfield>
    <subfield code="a">al'arbain hadithan lil iman alnawawi : al-hikmah lil awlad =</subfield>
    <subfield code="b">HADIS 40 IMAM NAWAWI: AL- HIKMAH LIL AWLAD / </subfield>
    <subfield code="c">Penulis: Ustaz Hj. Mohammad Najib bin Md. Norani ; Editor: Ustaz Hj. Mohammad Najib bin Md. Norani ; SEMAKAN DAN KATA ALUAN OLEH: SAHIBUS SAMAHAH DATUK WIRA HAJI ABDUL HALIM BIN TAWIL , MUFTI KERAJAAN NEGERI MELAKA</subfield>
  </datafield>
  <datafield tag="246" ind1="3" ind2="0">
    <subfield code="a">Hadis empat puluh Imam Nawawi : </subfield>
    <subfield code="b">hikmah untuk anak-anak</subfield>
  </datafield>
  <datafield tag="264" ind1=" " ind2="1">
    <subfield code="a">Melaka :</subfield>
    <subfield code="b">Kongsi Ilmu Enterprise,</subfield>
    <subfield code="c">2024</subfield>
  </datafield>
  <datafield tag="300" ind1=" " ind2=" ">
    <subfield code="a">223 pages :</subfield>
    <subfield code="b">colour illustrations ;</subfield>
    <subfield code="c">26 cm</subfield>
  </datafield>
  <datafield tag="336" ind1=" " ind2=" ">
    <subfield code="a">text</subfield>
    <subfield code="2">rdacontent</subfield>
  </datafield>
  <datafield tag="336" ind1=" " ind2=" ">
    <subfield code="a">still image </subfield>
    <subfield code="2">rdacontent</subfield>
  </datafield>
  <datafield tag="337" ind1=" " ind2=" ">
    <subfield code="a">unmediated</subfield>
    <subfield code="2">rdamedia</subfield>
  </datafield>
  <datafield tag="338" ind1=" " ind2=" ">
    <subfield code="a">volume</subfield>
    <subfield code="2">rdacarrier</subfield>
  </datafield>
  <datafield tag="500" ind1=" " ind2=" ">
    <subfield code="a">Contains quotes from the Hadith.</subfield>
  </datafield>
  <datafield tag="546" ind1=" " ind2=" ">
    <subfield code="a">Hadith written in Arabic, Malay and English.</subfield>
  </datafield>
  <datafield tag="600" ind1="0" ind2="0">
    <subfield code="a">Nawawi, </subfield>
    <subfield code="c">Imam,</subfield>
    <subfield code="d">1233-1277 </subfield>
  </datafield>
  <datafield tag="650" ind1="1" ind2="0">
    <subfield code="a">Hadith</subfield>
  </datafield>
  <datafield tag="650" ind1="2" ind2="0">
    <subfield code="a">Hadith </subfield>
    <subfield code="x">Criticism, interpretation, etc. </subfield>
  </datafield>
  <datafield tag="650" ind1="2" ind2="0">
    <subfield code="a">Muslims   </subfield>
    <subfield code="x">Conduct of life </subfield>
  </datafield>
  <datafield tag="700" ind1="0" ind2=" ">
    <subfield code="a">Abdul Halim bin Tawil, </subfield>
    <subfield code="c">Datuk Wira Haji, </subfield>
    <subfield code="c">Melaka State Mufti, </subfield>
    <subfield code="e">pruf reader. </subfield>
    <subfield code="e">foreword author.</subfield>
  </datafield>
  <datafield tag="880" ind1="1" ind2="0">
    <subfield code="6">245-01/(3/l</subfield>
    <subfield code="a">&#x627;&#x644;&#x623;&#x631;&#x628;&#x639;&#x64A;&#x646; &#x62D;&#x62F;&#x64A;&#x62B;&#x627; &#x644;&#x644;&#x625;&#x645;&#x627;&#x645; &#x627;&#x644;&#x646;&#x648;&#x648;&#x64A;: &#x627;&#x644;&#x62D;&#x643;&#x645;&#x629; &#x644;&#x644;&#x623;&#x648;&#x644;&#x627;&#x62F; </subfield>
  </datafield>
  <datafield tag="942" ind1=" " ind2=" ">
    <subfield code="2">ddc</subfield>
    <subfield code="c">B</subfield>
  </datafield>
  <datafield tag="999" ind1=" " ind2=" ">
    <subfield code="c">203067</subfield>
    <subfield code="d">203067</subfield>
  </datafield>
  <datafield tag="952" ind1=" " ind2=" ">
    <subfield code="0">0</subfield>
    <subfield code="7">0</subfield>
    <subfield code="b">PPAK</subfield>
    <subfield code="c">K</subfield>
    <subfield code="d">2026-02-24</subfield>
    <subfield code="l">0</subfield>
    <subfield code="o">K 297.125 MOH</subfield>
    <subfield code="p">A01905025</subfield>
    <subfield code="r">2026-02-24 11:45:09</subfield>
    <subfield code="y">B</subfield>
  </datafield>
  <datafield tag="952" ind1=" " ind2=" ">
    <subfield code="0">0</subfield>
    <subfield code="7">0</subfield>
    <subfield code="b">SP</subfield>
    <subfield code="c">K</subfield>
    <subfield code="d">2026-02-24</subfield>
    <subfield code="l">1</subfield>
    <subfield code="o">K 297.125 MOH</subfield>
    <subfield code="p">A01905026</subfield>
    <subfield code="q">2026-07-13</subfield>
    <subfield code="r">2026-06-22 11:59:29</subfield>
    <subfield code="s">2026-06-22</subfield>
    <subfield code="y">B</subfield>
  </datafield>
  <datafield tag="952" ind1=" " ind2=" ">
    <subfield code="0">0</subfield>
    <subfield code="7">0</subfield>
    <subfield code="b">KM</subfield>
    <subfield code="c">K</subfield>
    <subfield code="d">2026-02-24</subfield>
    <subfield code="l">0</subfield>
    <subfield code="o">K 297.125 MOH</subfield>
    <subfield code="p">A01905029</subfield>
    <subfield code="r">2026-02-24 11:45:09</subfield>
    <subfield code="y">B</subfield>
  </datafield>
  <datafield tag="952" ind1=" " ind2=" ">
    <subfield code="0">0</subfield>
    <subfield code="7">0</subfield>
    <subfield code="b">BB</subfield>
    <subfield code="c">K</subfield>
    <subfield code="d">2026-02-24</subfield>
    <subfield code="l">0</subfield>
    <subfield code="o">K 297.125 MOH</subfield>
    <subfield code="p">A01905031</subfield>
    <subfield code="r">2026-02-24 11:45:09</subfield>
    <subfield code="y">B</subfield>
  </datafield>
  <datafield tag="952" ind1=" " ind2=" ">
    <subfield code="0">0</subfield>
    <subfield code="7">0</subfield>
    <subfield code="b">MR</subfield>
    <subfield code="c">K</subfield>
    <subfield code="d">2026-02-24</subfield>
    <subfield code="l">0</subfield>
    <subfield code="o">K 297.125 MOH</subfield>
    <subfield code="p">A01905032</subfield>
    <subfield code="r">2026-02-24 11:45:09</subfield>
    <subfield code="y">B</subfield>
  </datafield>
  <datafield tag="952" ind1=" " ind2=" ">
    <subfield code="0">0</subfield>
    <subfield code="7">0</subfield>
    <subfield code="b">YN</subfield>
    <subfield code="c">K</subfield>
    <subfield code="d">2026-02-24</subfield>
    <subfield code="l">0</subfield>
    <subfield code="o">K 297.125 MOH</subfield>
    <subfield code="p">A01905033</subfield>
    <subfield code="r">2026-02-24 11:45:09</subfield>
    <subfield code="y">B</subfield>
  </datafield>
</record>
